Hiszpania na Euro 2012 - Statystyki

Ogólne statystyki
  • Ten quiz został rozwiązany 338 razy
  • Średni wynik to 14 z 24
Statystyki odpowiedzi
Hint Odpowiedź % Poprawnych
1 Real Madryt Iker Casillas
97%
6 FC Barcelona Andres Iniesta
95%
15 Real Madryt Sergio Ramos
95%
8 FC Barcelona Xavi
94%
3 FC Barcelona Gerard Pique
90%
21 Manchester City David Silva
78%
16 FC Barcelona Sergio Busquets
71%
18 Valecia Jordi Alba
69%
14 Real Madryt Xabi Alonso
69%
12 FC Barcelona Victor Valdes
67%
7 FC Barcelona Pedro
65%
10 FC Barcelona Cesc Fabregas
63%
9 Chelsea Londyn Fernando Torres
57%
17 Real Madryt Alvaro Arbeloa
53%
Trener Vicente Del Bosque
53%
13 Chelsea Londyn Juan Mata
50%
22 Sevilla Jesus Navas
49%
23 Liverpool Jose Reina
47%
5 Atletico Madryt Juanfran
35%
2 Real Madryt Raul Albiol
34%
4 Athletic Bilbao Javi Martinez
29%
20 Malaga Santi Cazorla
29%
19 Athletic Bilbao Fernando Llorente
23%
11 Sevilla Alvaro Negredo
21%
Nie znaleziono quizów pasujących do podanych kryteriów
Rozkład punktacji
Procent ludzi z każdym wynikiem
Percentyl według liczby udzielonych odpowiedzi
Twoja historia wyników
Nie rozwiązałeś tego quizu